Problémy dlhopisového trhu v rámci eurozóny
Analýza príčin rastu deficitov a možnosti emitentov na trhu eurozóny. Aspekt výnosnosti vládnych bondov so zreteľom na rastúcu infláciu. Problematika rizika na trhu vládnych bondov - úverového rizika a trhových rizík.
Gespeichert in:
| 1. Verfasser: | |
|---|---|
| Format: | Buchkapitel |
| Sprache: | Slowakisch |
| Schlagworte: | |
| Tags: |
Keine Tags, Fügen Sie das erste Tag hinzu!
|
MARC
| LEADER | 00000nla$a2200000$$$4500 | ||
|---|---|---|---|
| 001 | 0150517 | ||
| 005 | 20240502072715.2 | ||
| 041 | 0 | |a slo | |
| 044 | |a SK | ||
| 245 | 1 | 0 | |a Problémy dlhopisového trhu v rámci eurozóny |c Božena Chovancová |
| 520 | |a Analýza príčin rastu deficitov a možnosti emitentov na trhu eurozóny. Aspekt výnosnosti vládnych bondov so zreteľom na rastúcu infláciu. Problematika rizika na trhu vládnych bondov - úverového rizika a trhových rizík. | ||
| 610 | 2 | 0 | |a trh |
| 610 | 2 | 0 | |a výnosnosť |
| 610 | 2 | 0 | |a bondy |
| 610 | 2 | 0 | |a deficit rozpočtový |
| 610 | 2 | 0 | |a dlhy štátne |
| 610 | 2 | 0 | |a riziko trhové |
| 610 | 2 | 0 | |a riziko úverové |
| 610 | 2 | 0 | |a eurozóna |
| 100 | 1 | |a Chovancová, Božena | |